Т. 30: Эстонская ССР; Гидрогеология СССР

Bibliographic Details
Parent link:Гидрогеология СССР: В 50 т./ Ред. Б. Н. Архангельский
Corporate Author: Всесоюзный научно-исследовательский институт гидрогеологии и инженерной геологии
Language:Russian
Published: 1966
Subjects:
Format: Book
KOHA link:https://koha.lib.tpu.ru/cgi-bin/koha/opac-detail.pl?biblionumber=47672

MARC

LEADER 00000nam2a2200000 4500
001 47672
005 20231031030350.0
035 |a (RuTPU)RU\TPU\book\49788 
090 |a 47672 
100 |a 20030219d1966 k y0rusy50 ca 
101 0 |a rus 
102 |a RU 
105 |a a z 000zy 
200 0 |a Т. 30: Эстонская ССР  |f Всесоюзный научно-исследовательский институт гидрогеологии и инженерной геологии 
210 |d 1966 
215 |a 304 с.  |c ил.  |e Прил.: 1 отд. л. карт 
461 1 |0 (RuTPU)RU\TPU\book\49681  |t Гидрогеология СССР  |o В 50 т.  |f Ред. Б. Н. Архангельский 
610 1 |a гидрогеология 
610 1 |a СССР 
610 1 |a Эстонская ССР 
610 1 |a воды подземные 
610 1 |a формирование 
610 1 |a использование 
675 |a 556.3(47+57)  |v 3 
712 0 2 |a Всесоюзный научно-исследовательский институт гидрогеологии и инженерной геологии  |2 stltpush  |3 (RuTPU)RU\TPU\col\2061 
801 1 |a RU  |b 63413507  |c 20030219  |g PSBO 
801 2 |a RU  |b 63413507  |c 20160420  |g PSBO 
942 |c BK